| 000 | 00577nam a2200133 a 4500 | ||
|---|---|---|---|
| 001 | 000032163 | ||
| 005 | 20200930063501.0 | ||
| 008 | 110713s1992 000 spa d | ||
| 040 |
_aDO-SdBNP _bspa _cBNPHU |
||
| 082 |
_axxxx _bP964 |
||
| 245 | 0 | _aPrograma de eventos del 1992 en la República Dominicana con motivo del Quinto Centenario del Descubrimiento y Evangelización de América. | |
| 260 |
_aSanto Domingo : _bComisión Dominicana Permanente para la Celebración del Quinto Centenario del Descubrimiento y Evangelazación de América, _c1992. |
||
| 300 |
_a115 p. ; _c23 cm. |
||
| 999 |
_c31654 _d31654 |
||